Do u like waffles Quiz Stats

Quiz not verified by Sporcle

Also try: Treasure Hunt!
Challenge
Share
Tweet
Embed
Score 0/5 Timer 00:30
0 Plays Today
Question % Correct
Do you likw waffles???
95.9%
Do you like pancakes???
95.9%
Do you like eggs???
95.9%
Do you like bacon???
94.9%
Do you like french toast ???
93.9%

You're not logged in!

Compare scores with friends on all Sporcle quizzes.
Join for Free
OR
Log In

You Might Also Like...

Show Comments

Extras

Created Jan 30, 2015ReportNominate

Top Quizzes Today


Score Distribution

Your Account Isn't Verified!

In order to create a playlist on Sporcle, you need to verify the email address you used during registration. Go to your Sporcle Settings to finish the process.

Report this User

Report this user for behavior that violates our Community Guidelines.

Details: